[Event "Wch U12 Girls"]
[Site "Batumi"]
[Date "2016.10.30"]
[Round "11"]
[White "Khachatryan, Nadezhda"]
[Black "Gabriadze, Tamari"]
[Result "1-0"]
[WhiteElo "1525"]
[BlackElo "1349"]
[PlyCount "37"]
[EventDate "2016.10.19"]
[EventType "swiss"]
[EventRounds "11"]
[EventCountry "GEO"]
[SourceTitle "EXT 2018"]
[Source "ChessBase"]
[SourceDate "2017.10.13"]
[SourceVersion "1"]
[SourceVersionDate "2017.10.13"]
[SourceQuality "1"]

1. e4 c6 2. d4 d5 3. e5 Bf5 4. Nf3 e6 5. Be2 Nd7 6. 0-0 c5 7. c4 Ne7 8. dxc5 Nxc5 9. Be3 Nd7 10. Nc3 dxc4 11. Bxc4 a6 12. Qe2 Nc6 13. Rfd1 Qc7 14. Bf4 Be7 15. Rac1 0-0 16. Ne4 Bxe4 17. Qxe4 Nb6 18. Bd3 Nd5 19. Qxh7# 1-0

[Event "Wch U12 Girls"]
[Site "Batumi"]
[Date "2016.10.22"]
[Round "4"]
[White "Desai, Nilomi"]
[Black "Gabriadze, Tamari"]
[Result "1-0"]
[WhiteElo "1524"]
[BlackElo "1349"]
[PlyCount "29"]
[EventDate "2016.10.19"]
[EventType "swiss"]
[EventRounds "11"]
[EventCountry "GEO"]
[SourceTitle "EXT 2018"]
[Source "ChessBase"]
[SourceDate "2017.10.13"]
[SourceVersion "1"]
[SourceVersionDate "2017.10.13"]
[SourceQuality "1"]

1. d4 d5 2. Nf3 Bg4 3. c4 Bxf3 4. gxf3 Nc6 5. e3 Nf6 6. Nc3 e6 7. a3 g6 8. Qb3 b6 9. cxd5 Nxd5 10. Bb5 Nde7 11. Qc4 Qd7 12. d5 exd5 13. Nxd5 Qxd5 14. Qxd5 Nxd5 15. Bxc6+ 1-0

[Event "Wch U12 Girls"]
[Site "Batumi"]
[Date "2016.10.21"]
[Round "3"]
[White "Pashayeva, Jamila"]
[Black "Gabriadze, Tamari"]
[Result "0-1"]
[WhiteElo "1223"]
[BlackElo "1349"]
[PlyCount "44"]
[EventDate "2016.10.19"]
[EventType "swiss"]
[EventRounds "11"]
[EventCountry "GEO"]
[SourceTitle "EXT 2018"]
[Source "ChessBase"]
[SourceDate "2017.10.13"]
[SourceVersion "1"]
[SourceVersionDate "2017.10.13"]
[SourceQuality "1"]

1. Nf3 d5 2. g3 Bf5 3. Bg2 Nf6 4. 0-0 e6 5. Nh4 Be4 6. f3 Bg6 7. Nxg6 hxg6 8. e4 dxe4 9. fxe4 Qd4+ 10. Kh1 Nxe4 11. Qf3 Nxg3+ 12. Qxg3 Bd6 13. Qe3 Qh4 14. h3 Nd7 15. Qf3 Nf6 16. Qxb7 Qg3 17. Kg1 Bc5+ 18. d4 Bxd4+ 19. Be3 Bxe3+ 20. Rf2 Qxf2+ 21. Kh2 Ng4+ 22. Kh1 Qg1# 0-1